| 000 | 01000nac a22002657a 4500 | ||
|---|---|---|---|
| 001 | BR9212166 | ||
| 003 | BR-BrBNA | ||
| 005 | 20240222131042.0 | ||
| 008 | 230509b bl.|||m| |||| 00| 0 por d | ||
| 040 |
_aBR-BrBNA _bpor _cBiblioteca Nacional de Agricultura |
||
| 072 | _aA50; E14 | ||
| 090 |
_aA50 _bBR9212166 |
||
| 100 | 1 | _aFlores, Murilo Xavier | |
| 100 | 1 | _aSilva, José de Souza | |
| 110 | 1 |
_aEmpresa Brasileira de Pesquisa Agropecuaria, Brasilia, DF (Brasil). Secretaria de Administracao Estrategica _93863 |
|
| 245 | 1 | _aProjeto EMBRAPA II do projeto de pesquisa ao desenvolvimento socio-economico no contexto do mercado | |
| 260 | 3 |
_aBrasilia, DF (Brasil): _c1992. |
|
| 300 | _a55 p. | ||
| 490 |
_aDocumentos - Empresa Brasileira de Pesquisa Agropecuaria. Secretaria de Administracao Estrategica (Brazil) _vno. 8 |
||
| 500 | _aBibliography p. 51-55 (58 ref.) | ||
| 650 | _aProjeto de Pesquisa | ||
| 650 | _aProjeto de Desenvolvimento | ||
| 650 | _aMercado | ||
| 942 |
_2AGRIS _n0 _cMS |
||
| 999 |
_c284514 _d284514 |
||